Normal view
MARC view
Entry Personal Name
001 - CONTROL NUMBER
- control field: 35719
003 - CONTROL NUMBER IDENTIFIER
- control field: ARRUPE
005 - DATE AND TIME OF LATEST TRANSACTION
- control field: 20170907093452.0
008 - FIXED-LENGTH DATA ELEMENTS
- fixed length control field: 170907|| aca||aabn | a|a d
040 ## - CATALOGING SOURCE
- Original cataloging agency: ARRUPE
- Transcribing agency: ARRUPE
100 ## - HEADING--PERSONAL NAME
- Personal name: Brearley, Molly
- Relator term: ed.
670 ## - SOURCE DATA FOUND
- Source citation: Work cat.: (ARRUPE): Bott, R. et al 35717, The teaching of young children, 1969